000 00506nam a2200157Ia 4500
008 090123s9999 xx 000 0 und d
082 _b27892
245 _aजालिवरचे प्रवास
250 _a3
260 _bऑक्फर्ड युमिव्हरसिटी
300 _a80
630 _aजालिवरचे प्रवास
700 _aबडोदेकर शरदचंद्र
730 _aजालिवरचे प्रवास
942 _cBOOK
999 _c66263
_d66263